Les 20 plus grandes villes du Cher sur une carte - Statistiques

Statistiques générales
  • Ce quiz a été pris 52 fois
  • Le résultat moyen est 8 sur 20
Réponses sur la Carte
Les réponses sont colorées sur une échelle allant du rouge au vert en fonction du pourcentage des utilisateurs qui les ont devinées à leur premier essai. Vous pouvez retrouver ces pourcentages ci-dessous.
 
Statistiques - réponses
Population Initiale Ville % Correct
64 238 B Bourges
100%
25 254 V Vierzon
95%
9 690 S Saint-Amand-Montrond
74%
9 650 S Saint-Doulchard
64%
2 941 S Sancoins
49%
6 416 S Saint-Florent-sur-Cher
46%
5 464 A Aubigny-sur-Nère
44%
6 394 M Mehun-sur-Yèvre
44%
4 852 S Saint-Germain-du-Puy
44%
3 566 D Dun-sur-Auron
41%
3 687 (La) C La Chapelle-Saint-Ursin
36%
2 908 A Avord
33%
3 187 (La) G La Guerche-sur-l'Aubois
28%
4 034 T Trouy
28%
2 040 A Argent-sur-Sauldre
18%
2 525 S Saint-Martin-d'Auxigny
15%
2 061 V Vignoux-sur-Barangeon
13%
2 052 F Foëcy
10%
2 649 M Méreau
10%
2 104 P Plaimpied-Givaudins
5%
Aucun quiz correspondant
Distribution des résultats
% des personnes avec chaque résultat
Percentile par nombre de réponses
Votre historique - résultats
Vous n’avez pas pris ce quiz